Flexibilita postmodernej spoločnosti - pozitíva a negatíva

Život v modernej dobe a v modernej spoločnosti prináša stále nové a nové poznatky a skúsenosti. Na to, aby sme dokázali držať krok s dobou, musíme vynakladať čoraz väčšie úsilie. Tempo života sa zrýchľuje a menia sa zaužívané modely v živote spoločnosti. Tieto javy majú svoju pozitívnu stránku, ale...

Descrizione completa

Salvato in:
Dettagli Bibliografici
Autore principale: Bláhová, Mária
Natura: Capitolo di libro
Lingua:slovacco
Soggetti:
Tags: Aggiungi Tag
Nessun Tag, puoi essere il primo ad aggiungerne!!

MARC

LEADER 00000nla$a2200000$$$4500
001 0117172
005 20240502072317.0
041 0 |a slo 
044 |a SK 
245 1 0 |a Flexibilita postmodernej spoločnosti - pozitíva a negatíva  |c Mária Bláhová 
520 |a Život v modernej dobe a v modernej spoločnosti prináša stále nové a nové poznatky a skúsenosti. Na to, aby sme dokázali držať krok s dobou, musíme vynakladať čoraz väčšie úsilie. Tempo života sa zrýchľuje a menia sa zaužívané modely v živote spoločnosti. Tieto javy majú svoju pozitívnu stránku, ale odvrátenou stranou zrýchleného spôsobu života sú narušené vzťahy v rodinách, ktoré sa prenášajú do pracovných vzťahov a odrážajú sa spätne vo fungovaní celej spoločnosti. Vytvára sa začarovaný kruh. Hľadanie východísk z bludného kruhu negatívnych javov. 
610 2 0 |a spoločnosť 
610 2 0 |a rodina 
610 2 0 |a vzťahy spoločenské 
610 2 0 |a vzťahy medziľudské 
610 2 0 |a práca 
610 2 0 |a vývoj 
610 2 0 |a postmodernizmus 
100 1 |a Bláhová, Mária